| 000 | 00846nam a2200277 i 4500 | ||
|---|---|---|---|
| 001 | bg | ||
| 003 | BPK | ||
| 005 | 20220124105017.0 | ||
| 008 | 090515s2008 pl a f f |000 0 pol | ||
| 015 | _aPB 25005/2008 | ||
| 020 | _a9788389901309 | ||
| 040 | _cBPK | ||
| 041 | _apol | ||
| 044 | _aPOL | ||
| 080 | _a681.5 | ||
| 080 | _a(075.8) | ||
| 245 | 0 | 0 |
_aPodstawy automatyki : _bćwiczenia laboratoryjne / _cpod red. Jerzego Brzózki. |
| 260 |
_aSzczecin : _bWydawnictwo Naukowe Akademii Morskiej, _c2008. |
||
| 300 |
_a225, [2] s. : _bil. ; _c24 cm. |
||
| 504 | _aBibliogr. przy rozdz. | ||
| 655 | _aPodręczniki akademickie | ||
| 650 | 4 | _aAutomatyka | |
| 700 | 1 |
_aBrzózka, Jerzy _eRedakcja |
|
| 856 |
_uhttp://koha.tu.koszalin.pl/cgi-bin/koha/opac-detail.pl?biblionumber=56361 _yKatalog online BPK |
||
| 942 |
_cKS _2UKD |
||
| 999 |
_c56361 _d56361 |
||